Fundamentals Of Composites Manufacturing: Materials, Methods, and Applications (Record no. 609349)

000 -LEADER
fixed length control field 00406nam a22001337a 4500
020 ## - INTERNATIONAL STANDARD BOOK NUMBER
International Standard Book Number 0872633586
040 ## - CATALOGING SOURCE
Transcribing agency NUST
082 ## - DEWEY DECIMAL CLASSIFICATION NUMBER
Classification number 620.11
Author Mark STR'F
100 ## - MAIN ENTRY--PERSONAL NAME
Personal name Strong, Brent. A. Dr
9 (RLIN) 123009
245 ## - TITLE STATEMENT
Title Fundamentals Of Composites Manufacturing: Materials, Methods, and Applications
260 ## - PUBLICATION, DISTRIBUTION, ETC.
Place of publication, distribution, etc. Michigan:
Name of publisher, distributor, etc. SME Drive,
Date of publication, distribution, etc. 1989.
650 ## - SUBJECT ADDED ENTRY--TOPICAL TERM
Topical term or geographic name entry element A course In Fuzzy Systems and Control
9 (RLIN) 123008
942 ## - ADDED ENTRY ELEMENTS (KOHA)
Source of classification or shelving scheme
Koha item type Book
Holdings
Withdrawn status Lost status Source of classification or shelving scheme Damaged status Not for loan Permanent Location Current Location Shelving location Date acquired Total Checkouts Full call number Barcode Date last seen Price effective from Koha item type
          College of Electrical & Mechanical Engineering (CEME) College of Electrical & Mechanical Engineering (CEME) General Stacks 05/29/2024   620.11 STR'F CEME- 41853 05/29/2024 05/29/2024 Book
          College of Electrical & Mechanical Engineering (CEME) College of Electrical & Mechanical Engineering (CEME) General Stacks 05/29/2024   620.11 STR'F CEME- 41854 05/29/2024 05/29/2024 Book
          College of Electrical & Mechanical Engineering (CEME) College of Electrical & Mechanical Engineering (CEME) General Stacks 05/29/2024   620.11 STR'F CEME- 41855 05/29/2024 05/29/2024 Book
          College of Electrical & Mechanical Engineering (CEME) College of Electrical & Mechanical Engineering (CEME) General Stacks 05/29/2024   620.11 STR'F CEME- 41856 05/29/2024 05/29/2024 Book
          College of Electrical & Mechanical Engineering (CEME) College of Electrical & Mechanical Engineering (CEME) General Stacks 05/29/2024   620.11 STR'F CEME- 41857 05/29/2024 05/29/2024 Book
© 2023 Central Library, National University of Sciences and Technology. All Rights Reserved.